000 00717pab a2200169 454500
008 180718b2004 xxu||||| |||| 00| 0 eng d
100 _aHalachmi, Arie
245 _aSymposium on public performance data and private business decisions: introduction
260 _c2004
300 _ap.5-13.
362 _aMar
520 _aWhy should business decision-makers study government performance data? The international collection of articles in this symposium illustrates the type of issues and data that managers should consider in making business decisions. - Reproduced.
650 _aDecision making
650 _aPerformance appraisal
773 _aInternational Review of Administrative Sciences
909 _a60098
999 _c60098
_d60098